Descripción e historia del reino de las islas Canarias : (Record no. 146171)

MARC details
000 -LEADER
campo de control de longitud fija 01232nam a2200301 i 4500
001 - NÚMERO DE CONTROL
campo de control 146171
003 - IDENTIFICADOR DE NÚMERO DE CONTROL
campo de control ES-MaACL
005 - FECHA Y HORA DE LA ÚLTIMA TRANSACCIÓN
campo de control 20250808063532.0
007 - CAMPO FIJO DE DESCRIPCIÓN FÍSICA--INFORMACIÓN GENERAL
campo de control de longitud fija t|
008 - DATOS DE LONGITUD FIJA--INFORMACIÓN GENERAL
campo de control de longitud fija 070904s1959 sp ||||1| spa d
080 ## - NÚMERO DE LA CLASIFICACIÓN DECIMAL UNIVERSAL
Número de la Clasificación Decimal Universal 964.9(093.3)"15"
080 ## - NÚMERO DE LA CLASIFICACIÓN DECIMAL UNIVERSAL
Número de la Clasificación Decimal Universal 908(649)"15"
100 1# - ENTRADA PRINCIPAL--NOMBRE DE PERSONA
Nombre de persona Torriani, Leonardo,
Fechas asociadas al nombre 1559-1628
Término indicativo de función/relación Autor
9 (RLIN) 111038
245 10 - MENCIÓN DEL TÍTULO
Título Descripción e historia del reino de las islas Canarias :
Resto del título antes Afortunadas, con el parecer de su fortificaciones /
Mención de responsabilidad, etc. Leonardo Torriani ; traducción del italiano, con introducción y notas, por Alejandro Cioranescu
260 ## - PUBLICACIÓN, DISTRIBUCIÓN, ETC.
Lugar de publicación, distribución, etc. Santa Cruz de Tenerife :
Nombre del editor, distribuidor, etc. Goya,
Fecha de publicación, distribución, etc. 1959
300 ## - DESCRIPCIÓN FÍSICA
Extensión XLIII, 298 páginas :
Otras características físicas ilustraciones, mapas ;
Dimensiones 21 cm
500 ## - NOTA GENERAL
Nota general Índices
500 ## - NOTA GENERAL
Nota general Voces indígenas
504 ## - NOTA DE BIBLIOGRAFÍA, ETC.
Nota de bibliografía, etc. Referencias bibliográficas
530 ## - NOTA DISPONIBLE DE FORMULARIO FÍSICO ADICIONAL
Nota de formato físico adicional disponible Disponible en formato digital
651 #4 - PUNTO DE ACCESO ADICIONAL DE MATERIA--NOMBRE GEOGRÁFICO
Nombre geográfico Canarias-
Subdivisión general Descripción-
Subdivisión cronológica S.XVI
9 (RLIN) 7945
700 1# - ENTRADA AGREGADA--NOMBRE PERSONAL
Nombre de persona Cioranescu, Alejandro,
Fechas asociadas al nombre 1911-1999
Término indicativo de función/relación Autor de introducción
-- Traductor
9 (RLIN) 38865
852 ## - LOCALIZACIÓN
Ubicación ES-MaACL
Sublocalización o colección R.45039
Ubicación en estantería Galería
Número de control de estantería C-16980
856 ## - LOCALIZACIÓN Y ACCESO ELECTRÓNICOS
Identificador Uniforme de Recursos <a href="https://hdl.handle.net/20.500.12285/mdcte/958">https://hdl.handle.net/20.500.12285/mdcte/958</a>
Texto de enlace Versión en línea
Nota pública (Memoria digital de Canarias (mdC))
942 ## - ELEMENTOS DE ENTRADA SECUNDARIOS (KOHA)
Fuente del sistema de clasificación o colocación Clasificación decimal universal
Tipo de ítem Koha Libro impreso
Suprimir en OPAC No
Holdings
Estatus retirado Estado de pérdida Fuente del sistema de clasificación o colocación Estado de daño No para préstamo Colección Biblioteca de origen Biblioteca actual Ubicación en estantería Fecha de adquisición Total de préstamos Signatura topográfica completa Código de barras Visto por última vez Tipo de ítem Koha
    Clasificación decimal universal     Colección digital Biblioteca del Ateneo de Madrid Biblioteca del Ateneo de Madrid Galería 17/01/2008   C-16980 1152567 23/02/2023 Libro impreso